000
00341nam a2200133Ia 4500
008
190723s9999 xx 000 0 und d
020
_a
978-0-07-177534-2
100
_a
Stan Gibilisco
245
0
_a
Electricity DeMyStified hard Stuff made easy
250
_a
2rd
260
_a
New Delhi
_b
MCGraw Hill
_c
2012
300
_a
369
942
_c
BK
999
_c
1360
_d
1360